Départements du Jura français - Statistiques

Statistiques générales
  • Ce quiz a été pris 5 846 fois
    5 677 depuis la dernière actualisation
  • Le résultat moyen est 7 sur 9
Statistiques - réponses
Départements % Correct
39 | Jura
94%
25 | Doubs
86%
90 | Territoire de Belfort
81%
01 | Ain
79%
74 | Haute-Savoie
70%
73 | Savoie
68%
71 | Saône-et-Loire
66%
68 | Haut-Rhin
58%
38 | Isère
52%
Aucun quiz correspondant
Distribution des résultats
% des personnes avec chaque résultat
Percentile par nombre de réponses
Votre historique - résultats
Vous n’avez pas pris ce quiz depuis la dernière actualisation